000 00365nam a22001217a 4500
082 _a001
_bHEL/W
100 _aHELLER, ROBERT, Et al
245 _aTHE WINNERS MANUAL, ESSENTIAL LIFE AND WORK SKILLS
_bSELLING SUCCESSFULLY,MAKING PRESENTATIONS, MANAGE YOUR TIME
260 _aLONDON
_bDK
_c2008
300 _a72
650 _aPERSONALITY DEVELOPMENT
_zUK
942 _cBK
999 _c1874
_d1874